000 01072nam a2200265 a 4500
001 BRCA_4443
005 20190320204655.0
008 240810s1938----nyuao#####---#000-0#eng-#
041 _aeng
044 _anyu
050 4 _aNK4310
_b.V36 3 1938
100 1 _aVan de Put, Albert
_911259
245 1 0 _aThe Valencian Styles of Hispano-Moresque Pottery 1404-1454, etc.
_ba companion to the Apuntes sobre Cerámica Morisca of the late G. J. De Osma
_cby A. Van de Put.
260 _aNueva York
_bOrder of the Trustees
_c1938
300 _avii, 99 p.
_bil., 7 láminas
_c17 cm.
440 0 _aHispanic notes & monographs: essays, studies, and brief biographies issued by the Hispanic Society of America
_pPeninsular series
_911260
500 _aIncluye índice de ilustraciones e índice alfabético
500 _aEjemplar igual a M20 y M65
500 _a31-51 (3151)
504 _aBibliografía: p. 91-93
650 1 4 _aCerámica hispano-morisca
_911261
700 1 _aOsma, Guillermo Joaquín de
_tApuntes sobre Cerámica Morisca
_911262
902 _aGFM
942 _2lcc
_cB
999 _c4152
_d4152